| Tag |
First Indicator |
Second Indicator |
Subfields |
| LEADER |
00000cam a2200000Ia 4500 |
| 001 |
in00002007015 |
| 005 |
20220105141521.0 |
| 006 |
m d |
| 007 |
cr cnu---unuuu |
| 008 |
031125s2004 njua sb 001 0 eng d |
| 020 |
|
|
|a 1410609022 (electronic bk.)
|
| 035 |
|
|
|a (OCoLC)ocm53721852
|
| 040 |
|
|
|a N$T
|c N$T
|d UtOrBLW
|
| 049 |
|
|
|a IKMN
|
| 050 |
1 |
4 |
|a RJ496.L35
|b C56 2004eb
|
| 082 |
0 |
4 |
|a 618.92/855
|2 22
|
| 245 |
0 |
0 |
|a Classification of developmental language disorders :
|b theoretical issues and clinical implications /
|c edited by Ludo Verhoeven, Hans van Balkom.
|
| 264 |
|
1 |
|a Mahwah, N.J. :
|b Lawrence Erlbaum Associates,
|c 2004.
|
| 300 |
|
|
|a xii, 450 pages :
|b illustrations
|
| 336 |
|
|
|a text
|b txt
|2 rdacontent
|
| 337 |
|
|
|a computer
|b c
|2 rdamedia
|
| 338 |
|
|
|a online resource
|b cr
|2 rdacarrier
|
| 504 |
|
|
|a Includes bibliographical references and indexes.
|
| 533 |
|
|
|a Electronic reproduction.
|b Boulder, Colo. :
|c NetLibrary,
|d 2003.
|n Available via World Wide Web.
|n Access may be limited to NetLibrary affiliated libraries.
|
| 500 |
|
|
|a Electronic resource.
|
| 650 |
|
0 |
|a Language disorders in children.
|0 http://id.loc.gov/authorities/subjects/sh85074559
|
| 650 |
|
0 |
|a Child development deviations.
|0 http://id.loc.gov/authorities/subjects/sh85023364
|
| 650 |
|
0 |
|a Classification.
|0 http://id.loc.gov/authorities/subjects/sh85026719
|
| 650 |
|
0 |
|a Psycholinguistics.
|0 http://id.loc.gov/authorities/subjects/sh85108432
|
| 650 |
|
0 |
|a Child psychopathology.
|0 http://id.loc.gov/authorities/subjects/sh85023384
|
| 655 |
|
7 |
|a Electronic books.
|2 local
|
| 700 |
1 |
|
|a Verhoeven, Ludo Th.
|0 http://id.loc.gov/authorities/names/nr88010889
|
| 700 |
1 |
|
|a Balkom, Hans van.
|0 http://id.loc.gov/authorities/names/n91084598
|
| 710 |
2 |
|
|a NetLibrary, Inc.
|0 http://id.loc.gov/authorities/names/no99080690
|
| 776 |
1 |
|
|c Original
|z 0805841229
|z 0805841237
|w (DLC) 2002032529
|w (OCoLC)50645889
|
| 856 |
4 |
1 |
|u https://proxy.library.tamu.edu/login?url=http://www.netLibrary.com/urlapi.asp?action=summary&v=1&bookid=98757
|z Connect to the full text of this electronic book
|t 0
|
| 994 |
|
|
|a 92
|b IKM
|
| 999 |
|
|
|a MARS
|
| 999 |
f |
f |
|s 535a4b12-f26c-3bbb-9e8a-3826b8656661
|i b5a5df23-a0c5-3de0-9bf2-0e51eb9ab831
|t 0
|
| 952 |
f |
f |
|a Texas A&M University
|b College Station
|c Electronic Resources
|d Available Online
|t 0
|e RJ496.L35 C56 2004eb
|h Library of Congress classification
|
| 998 |
f |
f |
|a RJ496.L35 C56 2004eb
|t 0
|l Available Online
|